000 00805nam a2200253Ia 4500
003 OSt
005 20220923220719.0
006 a|||||r|||| 00| 0
007 ta
008 220922b |||||||| |||| 00| 0 hin d
024 _a189,544
037 _cTextual
040 _aARTS
_cARTS
_bhin
041 _2hin
_ahin
082 _aO152,2N281x, M4
100 _aमिश्र, वीरेन्द्र
245 0 _aआवाज आ रही है
246 _aĀvāj ā rahī hai
260 _aदिल्ली
_b प्रभात प्रकाशन
_c1984
300 _a195पृ.
_ccm.
650 _aहिन्दी साहित्य
_9156264
942 _hO152,2N281x, M4
_cTEXL
_2CC
999 _c342387
_d342387